| 000 | 01994nam a2200373 c 4500 | ||
|---|---|---|---|
| 003 | BLK | ||
| 005 | 20240311132101.0 | ||
| 008 | 180411b bul|||||r ||||||| ||bul|| | ||
| 010 | _aKNG00197060000 | ||
| 020 |
_a978-954-756-136-6 _bиздат.: Мед. унив. |
||
| 040 | _aBLK | ||
| 041 |
_aBUL _cBUL |
||
| 072 | 7 |
_2bullib _aН61 _xМедицина Н |
|
| 080 |
_aМедицина _b61 _x:001.89(075.8) _z61:001.89(075.8) |
||
| 080 |
_aОрганизация на науката и научноизследователската работа, опитно-конструкторската работа, експеримент и контрол, иновации, изобретателство, нововъведения Вж и 005;007;351.85 _b001.89 _x(075.8) _z001.89(075.8) |
||
| 100 | 1 |
_aХристова, Петкана Ангелова _eпърви автор _9344483 |
|
| 139 |
_aХристова, Петкана Ангелова _bХ 79 |
||
| 245 | 1 | 0 |
_aМетодология на изследователската работа _cПеткана Ангелова Христова. |
| 257 | _aBGR | ||
| 260 |
_аПлевен _bМед. унив. _c2015 _fПлевен : ЕА |
||
| 300 |
_a208 с. _bс табл., черт. _c20 см |
||
| 380 | _a61 | ||
| 500 | _aИзд. на М-во на образованието, младежта и науката, Мед. унив. - Плевен. Център за дистанционно обучение. - Съдържа и за авт. - Библиогр. с. 207. | ||
| 650 | 4 |
_aМедицина - научноизследователска работа _9339297 |
|
| 653 | _aмедицина | ||
| 653 | _aнаучноизследователска работа | ||
| 659 | _aН | ||
| 852 | _aЦб 283336 | ||
| 856 | 4 |
_qpdf _u |
|
| 856 | 4 |
_qpdf _u |
|
| 942 |
_cKNG _n0 _01 |
||
| 944 |
_aCR _c30.11.2016 _lМинев Младен _k30530 |
||
| 944 |
_aED _c15.12.2016 _lф / _kЛюдмила_Стоянова |
||
| 999 |
_c188042 _d188042 |
||